Changing dimensions of external trade in India's latex and latex based products (Record no. 51822)

MARC details
000 -LEADER
fixed length control field 00390nam a2200145Ia 4500
100 ## - MAIN ENTRY--AUTHOR NAME
Personal name Joseph J
245 #0 - TITLE STATEMENT
Title Changing dimensions of external trade in India's latex and latex based products
260 ## - PUBLICATION, DISTRIBUTION, ETC. (IMPRINT)
Name of publisher Rubber Board Bulletin
Year of publication 2013
300 ## - PHYSICAL DESCRIPTION
Number of Pages 14-16
650 ## - SUBJECT ADDED ENTRY--TOPICAL TERM
Topical Term NR latex
650 ## - SUBJECT ADDED ENTRY--TOPICAL TERM
Topical Term Tapping
700 ## - ADDED ENTRY--PERSONAL NAME
Personal name George K T
942 ## - ADDED ENTRY ELEMENTS (KOHA)
Koha item type Bibliography STAF
Holdings
Withdrawn status Lost status Damaged status Not for loan Home library Current library Date acquired Serial Enumeration / chronology Koha item type
      Bibliography RRII Library RRII Library 04/04/2014 Volume 31, Issue 3 Bibliography STAF